Claire Danes Filmography - Statistics

General Stats
  • This quiz has been taken 44 times
    11 since last reset
  • The average score is 26 of 87
Answer Stats
Type Year Name % Correct
TV Show 2011-2020 Homeland
89%
TV Show 1994-1995 My So-Called Life
89%
Film 1996 Romeo + Juliet
78%
Film 2007 Stardust
67%
Film 1994 Little Women
56%
Web Mini-Series 2025 The Beast in Me
56%
Film 1999 Brokedown Palace
44%
TV Mini-Series 2022 Fleishman Is in Trouble
44%
Web Mini-Series 2023 Full Circle
44%
Film 1998 Les Misérables
44%
Web Series 2015 Master of None
44%
TV Show 2017 Portlandia
44%
Film 1999 Princess Mononoke
44%
TV Show 1997 Saturday Night Live
44%
TV Film 2010 Temple Grandin
44%
Film 2005 The Family Stone
44%
Film 2002 The Hours
44%
Film 1999 The Mod Squad
44%
Film 1997 The Rainmaker
44%
Film 2018 A Kid Like Jake
33%
Film 2013 As Cool as I Am
33%
Documentary 2011 Ben Lee: Catch My Disease
33%
Film 2017 Brigsby Bear
33%
Theater 2005 Christina Olson: American Model
33%
Theater 2016 Dry Powder
33%
Theater 2007 Edith and Jenny
33%
Film 2007 Evening
33%
Film 1995 Home for the Holidays
33%
Film 1995 How to Make an American Quilt
33%
Film 2002 Igby Goes Down
33%
Film 1996 I Love You, I Love You Not
33%
Film 2003 It's All About Love
33%
TV Show 1992 Law & Order
33%
TV Show 1994 Lifestories: Families in Crisis
33%
Film 2008 Me and Orson Welles
33%
Film 1998 Polish Wedding
33%
Theater 2007 Pygmalion
33%
Film 2005 Shopgirl
33%
Film 2004 Stage Beauty
33%
Film 2003 Terminator 3: Rise of the Machines
33%
TV Show TBA The Applebaum Curse
33%
Web Mini-Series 2022 The Essex Serpent
33%
Film 2007 The Flock
33%
Film 2003 The Rage in Placid Lake
33%
Theater 2000 The Vagina Monologues
33%
Film 1996 To Gillian on Her 37th Birthday
33%
Film 1997 U Turn
33%
TV Short 2011 A Child's Garden of Poetry
22%
Short Documentary 2019 Back from the Brink: Saved from Extinction
22%
Short Film 1995 Dead Man's Jack
22%
Short Film 1990 Dreams of Love
22%
TV Show 1993 Dudley
22%
Documentary Series 2023 Finding Your Roots with Henry Louis Gates, Jr.
22%
Documentary 2024 Georgia O'Keeffe: The Brightness of Light
22%
Documentary Mini-Series 2024 In Vogue: The 90s
22%
TV Show 2018 Jeopardy!
22%
Music Video 1995 Just Like Anyone
22%
TV Film 1993 No Room for Opal
22%
Web Special 2025 SNL50: The Homecoming Concert
22%
Documentary Mini-Series 2025 The American Revolution
22%
Short Film 1995 The Pesky Suitor
22%
Documentary 2023 The Sacred Place Between Earth and Space
22%
TV Special 2005 A Concert for Hurricane Relief
11%
TV Special 2019 AFI Life Achievement Award: A Tribute to Denzel Washington
11%
TV Special 2004 AFI Life Achievement Award: A Tribute to Meryl Streep
11%
TV Special 2015 AFI Life Achievement Award: A Tribute to Steve Martin
11%
Commercial 2018 Amazon Fire TV
11%
Commercial 2014 American Express
11%
Documentary Series 2016 Art in the Twenty-First Century
11%
Commercial 2013 Audi
11%
TV Show 1997 Beavis and Butt-Head
11%
TV Show 1999 Fanatic
11%
TV Special 2002 Gala Paramount Pictures Celebrates 90th Anniversary with 90 Stars for 90 Years
11%
Documentary Series 2007 Getaway
11%
Commercial 2012 Latisse Eyelashes
11%
Documentary 2011 Lemon
11%
Documentary 1998 Leonardo DiCaprio: In His Own Words
11%
Theater 2000 Our Town
11%
Documentary 2005 Seamless
11%
TV Special 2005 Steve Martin: An American Cinematheque Tribute
11%
Theater 2010 The 24 Hour Plays 2010
11%
TV Show 2010 The City
11%
Commercial 2007 The Gap
11%
Audiobook 2012 The Handmaid's Tale
11%
TV Special 2010 The Kennedy Center Honors: A Celebration of the Performing Arts
11%
TV Special 2005 The Mark Twain Prize: Steve Martin
11%
Audiobook 2014 The Snow Queen
11%
No matching quizzes found
Score Distribution
Percent of People with Each Score
Percentile by Number Answered
Your Score History
You have not taken this quiz since the last reset